Words Within Words - Statistics

General Stats
  • This quiz has been taken 53,771 times
  • The average score is 15 of 24
Answer Stats
Shorter Word Longer Word % Correct
See the flowers BLOOM B L O {S} {S} O M
96%
VACATE the area {E} V A C {U} A T E
92%
They've TRACED us T R A C {K} E D
87%
The ACTUAL events {F} A C T U A L
86%
They BOMBED the fort B O M B {A} {R} {D} E D
85%
Begin the REVOLT R E V O L {U} T {I }  {O} {N}
82%
A GIANT monster G I {G} A N T {I }  {C}
79%
VALUABLE treasures {I }  {N} V A L U A B L E
79%
A dark spooky CAVE C A V E {R} {N}
73%
We saw her LAST movie L A {T} {E} S T
72%
A CONTRARY argument C O N T R A {D} {I }  {C} {T} {O} R Y
66%
BAN him from the country B A N {I }  {S} {H}
65%
It's time to EAT {F} E A {S} T
63%
The parrot is DEAD D E {C} {E} A {S} {E} D
62%
My hunger is SATED S A T {I }  {S} {F} {I }  E D
61%
Just ME and Irene M {Y} {S} E {L} {F}
58%
The baby arrived EARLY {P} {R} E {M} A {T} {U} R {E} L Y
53%
A MALE voice echoed M A {S} {C} {U} L {I }  {N} E
47%
Don't TAINT the water {C} {O} {N} T A {M} I N {A} T {E}
39%
An APT statement A P {P} {R} {O} {P} {R} {I } {A} T {E}
38%
I URGE you to rethink {E} {N} {C} {O} U R {A} G E
37%
The CITY held a vote {M} {U} {N} {I }  C I {P} {A} {L} {I }  T Y
31%
Leave it in the DEPOT D E P O {S} {I }  T {O} {R} {Y}
28%
It's a complete FICTION F {A} {B} {R} I C {A} T I O N
25%
No matching quizzes found
Score Distribution
Percent of People with Each Score
Percentile by Number Answered
Your Score History
You have not taken this quiz